|
|
|
|
| LEADER |
00742cam a2200181 7i4500 |
| 001 |
0000017601 |
| 005 |
20060605090000.0 |
| 022 |
0 |
0 |
|a 1511-3892
|
| 090 |
0 |
0 |
|a M 381.1025
|b MAL MAT 381.1025 MAL
|
| 110 |
2 |
0 |
|a Malaysia External Trade Development Corporation (MATRADE)
|
| 245 |
2 |
0 |
|a Malaysia conventions & exhibitions :
|b a biannual compilation of conventions & exhibitions 2006.
|
| 260 |
0 |
0 |
|a Kuala Lumpur:
|b MATRADE,
|c 2006.
|
| 300 |
# |
# |
|a 55 p.
|
| 650 |
0 |
0 |
|a Exhibitions --
|x Directories --
|z Malaysia
|
| 650 |
0 |
0 |
|a Conventions --
|x Directories --
|z Malaysia
|
| 651 |
0 |
0 |
|a Malaysia
|
| 999 |
|
|
|a B000018452
|b Directories
|c MATRADEs Collection
|e Business Information Centre
|
| 999 |
|
|
|a 0000018452
|b Book
|c MATRADEs Collection
|e Business Information Centre
|